| 000 | 00536nam a2200169 a 4500 | ||
|---|---|---|---|
| 001 | 000017205 | ||
| 005 | 20200929165041.0 | ||
| 008 | 100319s1959 dr a 000 0 spa d | ||
| 040 |
_aDO-SdBNP _bspa _cBNPHU |
||
| 082 |
_axxx _bS718b |
||
| 100 | 1 |
_aSoto Ruiz, Ramón M. de _937852 |
|
| 245 | 1 | 0 |
_aBosquejo histórico de la odontología dominicana / _cRamón M. de Soto Ruiz. |
| 260 |
_aCiudad Trujillo _fImprenta Hernández _c1959. |
||
| 300 |
_a47 p. : _bil. ; _c19 cm. |
||
| 500 | _aIncluye notas al pie de las páginas | ||
| 049 | _aBNPD | ||
| 999 |
_c16731 _d16731 |
||